Top 10 najpopularniejszych imion żeńskich na literę K - Statystyki

Ogólne statystyki
  • Ten quiz został rozwiązany 199 razy
  • Średni wynik to 6 z 10
Statystyki odpowiedzi
Miejsce Ile nadanych Imię % Poprawnych
1 604,753 Katarzyna
98%
3 294,334 Karolina
86%
6 111,270 Kamila
77%
5 120,929 Kinga
72%
8 50,889 Kornelia
68%
2 403,874 Krystyna
67%
4 138,825 Klaudia
64%
10 28,144 Klara
47%
9 37,125 Karina
39%
7 54,512 Kazimiera
29%
Nie znaleziono quizów pasujących do podanych kryteriów
Rozkład punktacji
Procent ludzi z każdym wynikiem
Percentyl według liczby udzielonych odpowiedzi
Twoja historia wyników
Nie rozwiązałeś tego quizu